[Event "Bayern 2-Hamburg"]
[Site "Templin"]
[Date "2017.09.29"]
[Round "5.2"]
[White "Hanisch, Friedrich"]
[Black "Hohlfeld, Wolfgang"]
[Result "1/2-1/2"]
[BlackElo "2079"]
[BlackTeam "Hamburg"]
[Board "2"]
[WhiteElo "2081"]
[WhiteTeam "Bayern 2"]

1. d4 d5 2. c4 dxc4 3. Nf3 Nf6 4. e3 c5 5. Bxc4 cxd4 6. O-O e6 7. exd4 Nc6 8.
Nc3 Be7 9. Bf4 O-O 10. a3 a6 11. Rc1 b5 12. Ba2 Bb7 13. d5 exd5 14. Nxd5 Nxd5
15. Bxd5 Rc8 16. Qd2 Na5 17. Bxb7 Qxd2 18. Bxd2 Nxb7 19. Bc3 Rfe8 20. Rfd1 Nd6
21. Bb4 Nf5 22. Bxe7 Nxe7 23. Kf1 f6 24. b4 Kf7 25. Nd2 Rxc1 26. Rxc1 Rc8 27.
Rxc8 Nxc8 28. Ne4 Nb6 29. Nc5 Nc4 30. Nxa6 Nxa3 31. Ke2 Ke7 32. Kd3 Kd6 33. Nc5
Nc4 34. Kd4 Ne5 35. Ne4+ Kc6 36. f4 Ng6 37. g3 Ne7 38. Nc5 Nf5+ 39. Ke4 Nd6+
40. Kd4 Nf5+ 41. Ke4  1/2-1/2

[Event "Bayern 2-Hamburg"]
[Site "Templin"]
[Date "2017.09.29"]
[Round "5.3"]
[White "Schellhorn, Wolfgang"]
[Black "Müller, Lutz"]
[Result "1-0"]
[BlackElo "2053"]
[BlackTeam "Bayern 2"]
[Board "3"]
[WhiteElo "2081"]
[WhiteTeam "Hamburg"]

1. e4 g6 2. d4 Bg7 3. f4 d6 4. Nf3 c5 5. Nc3 cxd4 6. Nxd4 Nc6 7. Be3 Nf6 8. Be2
O-O  9. O-O  Bd7 10. Kh1 Rc8 11. Qe1 Na5 12. Rd1 Nc4 13. Bc1 Qb6 14. b3
e5 15. fxe5 dxe5 16. Bxc4 exd4 17. e5 Ng4 18. Nd5 Qc5 19. Qh4 Bxe5 20. h3 h5
21. hxg4 hxg4 22. Ne7+  1-0

[Event "Niedersachsen-Sachsen 2"]
[Site "Templin"]
[Date "2017.09.29"]
[Round "5.1"]
[White "Bodach, Hans"]
[Black "Schrüfer, Günther, Dr."]
[Result "0-1"]
[BlackElo "2205"]
[BlackTeam "Niedersachsen"]
[Board "1"]
[WhiteElo "2183"]
[WhiteTeam "Sachsen 2"]

1. e4 c5 2. Nf3 d6 3. d4 cxd4 4. Nxd4 Nf6 5. Nc3 a6 6. a4 e5 7. Nde2 Be6 8. g3
Be7 9. Bg2 O-O  10. O-O  Qc8 11. b3 Bh3 12. Bg5 Bxg2 13. Kxg2 Nbd7 14.
h3 Qc7 15. f3 Rac8 16. Rc1 Rfd8 17. Qd2 d5 18. Bxf6 Nxf6 19. Nxd5 Nxd5 20. exd5
Ba3 21. c4 Bxc1 22. Rxc1 Qd7 23. Qe3 Qd6 24. Rd1 h6 25. g4 b5 26. axb5 axb5 27.
Rc1 Qb4 28. Qd3 Rc5 29. Ng3 Rdxd5 30. cxd5 Rxc1 31. d6 Qe1  32. Nf1 Qxf1+
33. Qxf1 Rxf1 34. Kxf1 Kf8 35. Ke2 Ke8 36. Kd3 Kd7 37. Ke4 Kxd6 38. b4 g6 39.
h4 f6 40. f4 exf4 41. Kxf4 Ke6 42. Ke4 f5+ 43. gxf5+ gxf5+ 44. Kd4 h5  0-1

[Event "Niedersachsen-Sachsen 2"]
[Site "Templin"]
[Date "2017.09.29"]
[Round "5.2"]
[White "Clemens, Christian, Dr."]
[Black "Selig, Rainer"]
[Result "1-0"]
[BlackElo "2096"]
[BlackTeam "Sachsen 2"]
[Board "2"]
[WhiteElo "2232"]
[WhiteTeam "Niedersachsen"]

1. g3 d5  2. Nf3 c6 3. Bg2 Nf6 4. c4 dxc4 5. O-O  Nbd7 6. Na3 Nb6 7. Qc2
Be6 8. Ne5 g6 9. Naxc4 Nxc4 10. Nxc4 Bg7 11. d4 O-O  12. Rd1 Qc8 13. e4 Rd8
14. Bf4 Ne8 15. d5 cxd5 16. exd5 Bf5 17. Qb3 Nd6 18. Rac1 Qd7 19. Ne3 Rac8 20.
Nxf5 Nxf5 21. Rxc8 Rxc8 22. h4 Nd4 23. Qe3 Qa4 24. b3 Qb4 25. Qe4 Qc5 26. Rc1
Nc2 27. b4 Qc3 28. Qxe7 Bf8 29. Qe2 Bxb4 30. Be4 Nd4 31. Qg4 Qxc1+ 32. Bxc1
Rxc1+ 33. Kg2 Bc5 34. Qc8+ Kg7 35. d6 Ne6 36. Bd5  1-0

[Event "Niedersachsen-Sachsen 2"]
[Site "Templin"]
[Date "2017.09.29"]
[Round "5.3"]
[White "Brauer, Christian"]
[Black "Grimm, Uwe"]
[Result "1-0"]
[BlackElo "2090"]
[BlackTeam "Niedersachsen"]
[Board "3"]
[WhiteElo "2094"]
[WhiteTeam "Sachsen 2"]

1. c4 Nc6 2. g3 Nf6 3. Bg2 e5  4. Nc3 d6 5. d3 h6 6. e3 Bd7 7. Nge2 Qc8 8.
h3 Ne7 9. b4 c6 10. Bb2 Ng6 11. Qb3 Be7 12. a4 O-O  13. b5 Be6 14. a5 a6
15. bxc6 bxc6 16. Na4 Rb8 17. Nb6 Qc7 18. Nc3 Rfd8 19. O-O  d5 20. cxd5
cxd5 21. d4 e4 22. Rfc1 Qa7 23. Ba3 Rb7 24. Nca4 Nd7 25. Bf1 h5 26. h4 Qb8 27.
Bxe7 Nxe7 28. Bxa6 Ra7 29. Qb5 Nf5 30. Kg2 Nf6 31. Ra3 Ng4 32. Rg1 Nxh4+ 33.
Kf1 Nf3 34. Rh1 g6 35. Nc5 Qd6 36. Qb2 Rb8 37. Ra1 Bf5 38. Kg2 Nf6 39. Be2 Bg4
40. Qc3 Nh4+ 41. Kf1 Bxe2+ 42. Kxe2 Nf3 43. Qb3 Kg7 44. Qb5 Rd8 45. a6 Rh8 46.
Nb7 Qe6 47. Qc5 Qg4 48. Nxd5 Nxd5 49. Qxd5 Nxd4+ 50. Kf1 Ne6 51. Rh4 Qf3 52.
Qxe4 Qf6 53. Ra2 Rha8 54. Qc4 Qf3 55. Kg1 Kg8 56. Qb5 Kh7 57. Rha4 Nc7 58. Qc4
Ne6 59. Ra5 Rb8 60. Ra1 Raa8 61. Nc5 Rc8 62. Qe4 Qxe4 63. Nxe4 Rc6 64. a7 Kh6
65. Nf6 Rc7 66. Nd5 Rb7 67. Kg2 Kg7 68. f4 f6 69. Kf3 f5 70. Ke2 Kf7 71. Kd3
Nc7 72. Nc3 Ke6 73. Kc4 Rc8 74. Rc5 Ra8 75. Rca5 Rc8 76. Kd3 Ra8 77. e4 Rb3 78.
Kc4 Rb7 79. Nd5 fxe4 80. Nxc7+ Rxc7+ 81. Kd4 Kf6 82. Kxe4 Rd7 83. Ra6+ Kg7 84.
R1a5 Rb7 85. Rg5 Rbxa7 86. Raxg6+ Kf7 87. Rg7+ Kf8 88. Rxa7 Rxa7 89. Rxh5 Kg7
90. Rb5 Ra1 91. g4 Ra7 92. Kf5 Kh6 93. Rb6+ Kg7 94. g5 Ra5+ 95. Kg4 Ra4 96. Rf6
Rb4 97. Re6 Ra4 98. Kf5 Ra7 99. g6 Rb7 100. Kg5 Rb1 101. Re7+ Kf8 102. Ra7 Kg8
103. f5 Rg1+  1-0

[Event "Niedersachsen-Sachsen 2"]
[Site "Templin"]
[Date "2017.09.29"]
[Round "5.4"]
[White "Cichy, Michael, Dr."]
[Black "Eichner, Christian"]
[Result "1-0"]
[BlackElo "2067"]
[BlackTeam "Sachsen 2"]
[Board "4"]
[WhiteElo "2043"]
[WhiteTeam "Niedersachsen"]

1. d4 Nf6 2. Nf3 g6 3. c4 Bg7 4. Nc3 d5 5. Qb3 dxc4 6. Qxc4 a6 7. e4 b5 8. Qb3
O-O  9. e5 Be6 10. Qc2 Bf5 11. Bd3 Bxd3 12. Qxd3 Nd5 13. O-O  Nc6 14.
Ne4 e6 15. Bg5 Nce7 16. Rfe1 h6 17. Bxe7 Qxe7 18. Nc5 Rfd8 19. Rac1 Bf8 20. Qe4
Ra7 21. h3 a5 22. Re2 Qe8 23. g3 Nb6 24. Nd2 Rd5 25. Nf3 Qd8 26. Kg2 Nc4 27.
Nd3 Kh7 28. h4 Qe8 29. h5 a4 30. Nf4 Rd8 31. hxg6+ fxg6 32. Nh4 Kg7 33. Nhxg6
c6 34. Nh5+ Kf7 35. Nh8+  1-0

[Event "Schleswig-Holstein 2-Sachsen-Anhalt"]
[Site "Templin"]
[Date "2017.09.29"]
[Round "5.1"]
[White "Liebert, Heinz"]
[Black "Kornrumpf, Joachim"]
[Result "1/2-1/2"]
[WhiteElo "2188"]
[BlackElo "2082"]
[PlyCount "27"]
[EventDate "2017.??.??"]
[WhiteTeam "Sachsen-Anhalt"]
[BlackTeam "Schleswig-Holstein 2"]

1. c4 c5 2. Nf3 Nf6 3. Nc3 e6 4. g3 b6 5. Bg2 Bb7 6. O-O Be7 7. d4 cxd4 8. Qxd4
d6 9. b3 O-O 10. Bb2 a6 11. Rfd1 Nbd7 12. Ng5 Bxg2 13. Kxg2 Qc7 14. Nge4
1/2-1/2

[Event "Schleswig-Holstein 2-Sachsen-Anhalt"]
[Site "Templin"]
[Date "2017.09.29"]
[Round "5.2"]
[White "Gehrmann, Rudolf-Rainer"]
[Black "Köhler, Gerhard"]
[Result "1/2-1/2"]
[WhiteElo "2096"]
[BlackElo "2192"]
[PlyCount "151"]
[EventDate "2017.??.??"]
[WhiteTeam "Schleswig-Holstein 2"]
[BlackTeam "Sachsen-Anhalt"]

1. c4 Nf6 2. Nc3 d6 3. g3 g6 4. Bg2 Bg7 5. Nf3 O-O 6. O-O Nbd7 7. Qc2 e5 8. d4
Re8 9. dxe5 dxe5 10. Rd1 c6 11. Ne4 Nxe4 12. Qxe4 Qc7 13. Qc2 Bf8 14. Be3 b6
15. Qd2 Nf6 16. Bh6 Be7 17. Qc3 Ng4 18. Bg5 f6 19. Bd2 Bc5 20. e3 Be6 21. h3
Nh6 22. b4 Be7 23. c5 bxc5 24. bxc5 Red8 25. e4 Nf7 26. Be3 Rxd1+ 27. Rxd1 Bxa2
28. Ra1 Be6 29. Nd2 Qd7 30. Nc4 Rb8 31. Kh2 Rb5 32. Bf1 Rb7 33. Na5 Rb8 34. Qa3
f5 35. Nc4 Rb7 36. Na5 Rc7 37. exf5 gxf5 38. Qa4 Bf6 39. Rd1 Qe8 40. Nc4 Qb8
41. Qc2 Rd7 42. Rxd7 Bxd7 43. Bg2 Qc7 44. Qa4 Be7 45. Na5 Nd8 46. h4 f4 47.
gxf4 Bxh4 48. fxe5 Qxe5+ 49. Kg1 Bf6 50. Qb3+ Be6 51. Qd1 Qc7 52. Qd2 Qd7 53.
Qc1 Bd5 54. Bxd5+ Qxd5 55. Nc4 Nf7 56. Qc2 Kg7 57. Nd6 Nxd6 58. cxd6 a5 59. Bc5
Be5 60. Ba3 Bxd6 61. Bxd6 Qxd6 62. Qc3+ Kg6 63. Qxa5 c5 64. Qa2 Qd1+ 65. Kg2
Qg4+ 66. Kf1 c4 67. Qb2 Kg5 68. Qb5+ Kh4 69. Qc6 h5 70. Qf6+ Kh3 71. Qc3+ Kh2
72. Qe5+ Kh1 73. Qd5+ Kh2 74. Qe5+ Kh3 75. Qc3+ Kh4 76. Qf6+ 1/2-1/2

[Event "Schleswig-Holstein 2-Sachsen-Anhalt"]
[Site "Templin"]
[Date "2017.09.29"]
[Round "5.3"]
[White "Schultheis, Heinz"]
[Black "Hahne, Hans-Jürgen"]
[Result "1/2-1/2"]
[WhiteElo "2087"]
[BlackElo "2085"]
[PlyCount "66"]
[EventDate "2017.??.??"]
[WhiteTeam "Sachsen-Anhalt"]
[BlackTeam "Schleswig-Holstein 2"]

1. d4 f5 2. c4 Nf6 3. Nc3 d6 4. Nf3 g6 5. e3 Bg7 6. Bd3 Nc6 7. d5 Ne5 8. Be2
O-O 9. O-O e6 10. Nd4 Qe7 11. Nxe6 Bxe6 12. dxe6 Qxe6 13. Nd5 Rf7 14. Nxf6+
Qxf6 15. f4 Nd7 16. Bf3 c6 17. Rb1 Re8 18. b4 Nb6 19. c5 Nc4 20. cxd6 Qxd6 21.
b5 Qe6 22. bxc6 bxc6 23. Kh1 Rc7 24. Qb3 Nb6 25. Bd2 Qxb3 26. axb3 Nd5 27. Rbc1
Nxe3 28. Rfe1 Bd4 29. Bxc6 Ree7 30. Rxe3 Bxe3 31. Bd5+ Kf8 32. Rxc7 Bxd2 33.
Rxe7 Kxe7 1/2-1/2

[Event "Schleswig-Holstein 2-Sachsen-Anhalt"]
[Site "Templin"]
[Date "2017.09.29"]
[Round "5.4"]
[White "Böttcher, Ulrich"]
[Black "Werchan, Hans"]
[Result "0-1"]
[WhiteElo "2032"]
[BlackElo "2085"]
[PlyCount "32"]
[EventDate "2017.??.??"]
[WhiteTeam "Schleswig-Holstein 2"]
[BlackTeam "Sachsen-Anhalt"]

1. c4 Nf6 2. Nf3 c5 3. g3 Nc6 4. d4 cxd4 5. Nxd4 g6 6. Nb3 Bg7 7. Bg2 O-O 8.
Nc3 d6 9. O-O a5 10. a4 Be6 11. c5 d5 12. Nb5 Qd7 13. f3 Rfd8 14. Be3 Ne8 15.
Qd2 d4 16. N3xd4 Nxd4 0-1

[Event "Baden 2-Mecklenburg-Vorpommern 2"]
[Site "Templin"]
[Date "2017.09.29"]
[Round "5.1"]
[White "Krüger, Horst"]
[Black "Sandmeier, Toni"]
[Result "1/2-1/2"]
[WhiteElo "2036"]
[BlackElo "2162"]
[PlyCount "31"]
[EventDate "2017.??.??"]
[WhiteTeam "Mecklenburg-Vorpommern 2"]
[BlackTeam "Baden 2"]

1. c4 Nf6 2. Nc3 g6 3. d4 Bg7 4. e4 d6 5. Bd3 e5 6. d5 O-O 7. Nf3 Nh5 8. h3 Nd7
9. g4 Nf4 10. Bxf4 exf4 11. Qd2 Ne5 12. Nxe5 Bxe5 13. f3 Bd7 14. h4 a6 15. h5
g5 16. Rb1 1/2-1/2

[Event "Baden 2-Mecklenburg-Vorpommern 2"]
[Site "Templin"]
[Date "2017.09.29"]
[Round "5.2"]
[White "Dekan, Hans"]
[Black "Wiemer, Jürgen"]
[Result "0-1"]
[WhiteElo "2152"]
[BlackElo "2028"]
[PlyCount "130"]
[EventDate "2017.??.??"]
[WhiteTeam "Baden 2"]
[BlackTeam "Mecklenburg-Vorpommern 2"]

1. e4 e5 2. Nf3 Nc6 3. Bb5 a6 4. Ba4 Nf6 5. Nc3 b5 6. Bb3 Be7 7. O-O d6 8. Re1
Na5 9. d3 Bg4 10. Nd5 Nxb3 11. Nxf6+ Bxf6 12. axb3 c5 13. Be3 O-O 14. Qd2 h6
15. h3 Bxf3 16. gxf3 Bg5 17. Ra2 Ra7 18. Rea1 Bxe3 19. fxe3 Qc8 20. Kh2 f5 21.
f4 Qb7 22. exf5 Rxf5 23. Qg2 d5 24. Qg6 Qf7 25. Qxf7+ Raxf7 26. Rxa6 exf4 27.
e4 dxe4 28. dxe4 Re5 29. Ra8+ Kh7 30. Rc8 Rd7 31. Rg1 f3 32. Kg3 Rg5+ 33. Kh2
Rd2+ 34. Kh1 Rh5 35. Rg3 f2 36. Rf8 Rxc2 37. Kg2 Rxb2 38. Rxf2 Rxf2+ 39. Kxf2
Re5 40. Ke3 g5 41. Rg1 Kg6 42. Rd1 Re6 43. Rd5 Rc6 44. b4 cxb4 45. Rxb5 Rc3+
46. Kd4 Rxh3 47. Rxb4 g4 48. Rb6+ Kg5 49. Rb8 h5 50. Rg8+ Kf6 51. e5+ Kf7 52.
Rg5 g3 53. Kd5 h4 54. Kd6 Rh1 55. Rf5+ Kg6 56. Rf8 Rd1+ 57. Ke6 Kg5 58. Rg8+
Kf4 59. Kf6 h3 60. e6 h2 61. e7 Rd6+ 62. Kf7 h1=Q 63. e8=Q Qh5+ 64. Ke7 Qe5+
65. Kf7 Qf6# 0-1

[Event "Baden 2-Mecklenburg-Vorpommern 2"]
[Site "Templin"]
[Date "2017.09.29"]
[Round "5.3"]
[White "Nauschütz, Ernst"]
[Black "Müller, Rudolf"]
[Result "1/2-1/2"]
[WhiteElo "1966"]
[BlackElo "2076"]
[PlyCount "152"]
[EventDate "2017.??.??"]
[WhiteTeam "Mecklenburg-Vorpommern 2"]
[BlackTeam "Baden 2"]

1. c4 b6 2. Nc3 e6 3. e4 Bb7 4. g3 Bb4 5. Nge2 Ne7 6. Bg2 O-O 7. O-O f5 8. d3
h6 9. a3 Bxc3 10. Nxc3 c5 11. b4 d6 12. f4 Nbc6 13. b5 Nd4 14. Ne2 Nxe2+ 15.
Qxe2 Qd7 16. Bb2 Rae8 17. Rad1 a6 18. a4 axb5 19. axb5 Qc7 20. Qc2 d5 21. exd5
exd5 22. Be5 Qd7 23. d4 cxd4 24. Bxd4 Rc8 25. Qb2 Rxc4 26. Bxg7 Rf7 27. Bd4 Qd6
28. Ra1 Ng6 29. Rfe1 Re7 30. Qf2 Rxe1+ 31. Rxe1 Qb4 32. Bxb6 Qxb5 33. Bf1 Qc6
34. Bd4 Nf8 35. Qe3 Rb4 36. Qe5 Rxd4 37. Qxd4 Ne6 38. Qf2 Nc5 39. Bg2 Nd3 40.
Qe3 Nxe1 41. Qxe1 Qb6+ 42. Kh1 Kf7 43. h4 d4 44. Qe5 Bxg2+ 45. Kxg2 Qc6+ 46.
Kf2 Qc2+ 47. Ke1 Qc3+ 48. Kf2 Qd2+ 49. Kf3 Qd3+ 50. Kf2 Kg6 51. Qe8+ Kf6 52.
Qe5+ Kf7 53. Qd5+ Ke7 54. Qe5+ Kd7 55. Qg7+ Kc8 56. Qh8+ Kc7 57. Qg7+ Kc6 58.
Qxh6+ Kd5 59. Qg7 Qe3+ 60. Kf1 Kc4 61. Qf7+ Kc3 62. Qxf5 Qf3+ 63. Ke1 Qxg3+ 64.
Kf1 Qf3+ 65. Ke1 Qh1+ 66. Ke2 Qh2+ 67. Kf1 Qh1+ 68. Ke2 Qg2+ 69. Ke1 Qg1+ 70.
Ke2 Qe3+ 71. Kf1 Qf3+ 72. Ke1 Qe3+ 73. Kf1 Kd2 74. Qa5+ Qc3 75. Qa2+ Qc2 76.
Qa5+ Qc3 1/2-1/2

[Event "Baden 2-Mecklenburg-Vorpommern 2"]
[Site "Templin"]
[Date "2017.09.29"]
[Round "5.4"]
[White "Fugmann, Bernd"]
[Black "Krüger, Gerhard"]
[Result "1/2-1/2"]
[WhiteElo "1971"]
[BlackElo "1978"]
[PlyCount "24"]
[EventDate "2017.??.??"]
[WhiteTeam "Baden 2"]
[BlackTeam "Mecklenburg-Vorpommern 2"]

1. e4 c5 2. Nc3 Nc6 3. Bb5 e6 4. Bxc6 bxc6 5. f4 d5 6. d3 Ba6 7. Nf3 c4 8. d4
Bb4 9. Qe2 Nf6 10. e5 Ne4 11. Bd2 Nxd2 12. Qxd2 c5 1/2-1/2

[Event "Rheinland-Pfalz 2-Württemberg 2"]
[Site "Templin"]
[Date "2017.09.29"]
[Round "5.1"]
[White "Gabriel, Josef"]
[Black "Esswein, Karlheinz"]
[Result "1-0"]
[BlackElo "2092"]
[BlackTeam "Rheinland-Pfalz 2"]
[Board "1"]
[WhiteElo "2091"]
[WhiteTeam "Württemberg 2"]

1. e4 c5 2. Nf3 e6 3. d3 Nc6 4. g3 Nf6 5. Bg2 d5 6. Nbd2 Be7 7. O-O  b6 8.
Re1 Bb7 9. e5 Nd7 10. h4 Qc7 11. Qe2 O-O-O 12. Nf1 h6 13. N1h2 Rdg8 14. Ng4 Kb8
15. c3 Ba6 16. Bf4 Nf8 17. h5 Nh7 18. c4 Rd8 19. Rad1 Bb7 20. Ne3 d4 21. Ng4
Ka8 22. a3 Ng5 23. Qd2 Nxf3+ 24. Bxf3 a5 25. b3 Ka7 26. Bg2 Ra8 27. Ra1 Kb8 28.
f3 Rd8 29. Nf2 Na7 30. Ne4 Bxe4 31. Rxe4 Nc6 32. g4 Kb7 33. Bh2 a4 34. bxa4
Rxa4 35. f4 Rda8 36. Qb2 R8a6 37. Rae1 Kc8 38. Rb1 R4a5 39. Bg3 g5 40. Ra1 Nd8
41. Kh2 Qa7 42. f5 Rxa3 43. Rxa3 Rxa3 44. Qb5 Bf8 45. Re1 Qa4 46. Qxb6 Rb3 47.
Ra1 Rxb6 48. Rxa4 Rb1 49. Be4 Kc7 50. Ra7+ Kc8 51. Kg2 Kb8 52. Ra8+ Kc7 53. Kf3
Rf1+ 54. Bf2 Rb1 55. Ra2 Kc8 56. Ke2 Kb8 57. Ra8+ Kc7 58. Be1 Rb2+ 59. Bd2  1-0

[Event "Rheinland-Pfalz 2-Württemberg 2"]
[Site "Templin"]
[Date "2017.09.29"]
[Round "5.2"]
[White "Schwertel, Johann"]
[Black "Wolf, Walter"]
[Result "0-1"]
[BlackElo "2110"]
[BlackTeam "Württemberg 2"]
[Board "2"]
[WhiteElo "1930"]
[WhiteTeam "Rheinland-Pfalz 2"]

1. d4 f5 2. Nf3 Nf6 3. g3 g6 4. Bg2 Bg7 5. c3 O-O  6. O-O  d6 7. Nbd2 c6
8. Qc2 Qe8 9. e4 e5 10. exf5 e4 11. fxg6 exf3 12. gxh7+ Nxh7 13. Nxf3 Qh5 14.
Bf4 Bg4 15. Qb3+ Rf7 16. c4 Na6 17. Rae1 Bxf3 18. Bxf3 Qg6 19. Be4 Qf6 20. c5
d5 21. Be5 Qh6 22. Bxh7+ Qxh7 23. f4 Rd8 24. a3 Nb8 25. Bxg7 Rxg7 26. Qe3 Nd7
27. Qe6+ Kh8 28. Re3 Rf8 29. Kg2 Rg6 30. Qe7 Rf7 31. Qd8+ Rg8 32. Re8  Nf6
33. Rxg8+ Nxg8 34. Qh4 Qxh4 35. gxh4 Nf6 36. Kg3 Re7 37. f5 Re4 38. Rd1 Kg7 39.
b4 Nh5+ 40. Kf3 Rxh4 41. a4 Rf4+ 42. Ke3 Kf6 43. b5 Re4+ 44. Kf3 Ng7 45. bxc6
bxc6 46. a5 Nxf5 47. Rb1 Nxd4+ 48. Kg3 Re3+ 49. Kg4 Re7 50. a6 Ne6 51. Rf1+ Kg7
52. Re1 Kf7 53. Rf1+ Ke8 54. Rc1 Nc7 55. Ra1 Re4+ 56. Kf5 Kf7 57. Rb1 Nxa6 58.
Ra1 Nxc5 59. Rxa7+ Re7 60. Ra3 Ne6 61. h4 c5 62. Ke5 Rd7 63. h5 d4 64. h6 Nf8
65. Rf3+ Ke7 66. Ke4 Rd6 67. Rh3 Nh7 68. Kd3 Re6 69. Rh5 Kd6 70. Kc4 Re5 71.
Rh4 Re3 72. Rg4 Rc3+ 73. Kb5 Rh3 74. Rg6+ Kd5 75. Rc6 Rb3+  0-1

[Event "Rheinland-Pfalz 2-Württemberg 2"]
[Site "Templin"]
[Date "2017.09.29"]
[Round "5.3"]
[White "Schmid, Hartmut"]
[Black "Schowalter, Gerd"]
[Result "1-0"]
[BlackElo "1946"]
[BlackTeam "Rheinland-Pfalz 2"]
[Board "3"]
[WhiteElo "2138"]
[WhiteTeam "Württemberg 2"]

1. c4 c5 2. Nc3 Nc6 3. g3 g6 4. Bg2 Bg7 5. Nf3 e5 6. d3 Nge7 7. Bg5 d6 8. O-O
 h6 9. Bd2 O-O  10. a3 Rb8 11. Rb1 a5 12. h3 Be6 13. Kh2 Kh7 14. e4 f5
15. Nd5 fxe4 16. dxe4 Bg8 17. Nh4 Nxd5 18. exd5 Ne7 19. Be4 Rf6 20. Qg4 Qc8 21.
Bxa5 Qxg4 22. hxg4 b6 23. Bc3 Kh8 24. f4 Rbf8 25. Kg2 Bh7 26. fxe5 Rxf1 27.
Rxf1 Rxf1 28. Kxf1 Nc8 29. Nf3 dxe5 30. Bxe5 Bxe5 31. Nxe5  Nd6 32. Bd3 g5
33. Ke2 Bxd3+ 34. Kxd3 Kg7 35. b4 Kf8 36. bxc5 bxc5 37. Nd7+ Ke7 38. Nxc5 Nf7
39. Kd4 Kd8 40. Ne6+ Kc8 41. c5 Kd7 42. a4 Kc8 43. d6 Kd7 44. Kd5 Ke8 45. c6 
1-0

[Event "Rheinland-Pfalz 2-Württemberg 2"]
[Site "Templin"]
[Date "2017.09.29"]
[Round "5.4"]
[White "Ranker, Klemens"]
[Black "Keller, Harald"]
[Result "1/2-1/2"]
[BlackElo "2077"]
[BlackTeam "Württemberg 2"]
[Board "4"]
[WhiteElo "1835"]
[WhiteTeam "Rheinland-Pfalz 2"]

1. e4 Nf6 2. Nc3 d5 3. exd5 Nxd5 4. Ne4 Bf5  5. Ng3 Bg6 6. Nf3 e6 7. Bc4 Be7
8. d3 Bf6 9. O-O  O-O  10. Ne4 Be7 11. Ne5 Nd7 12. Nxg6 hxg6 13. a3
N7f6 14. Nxf6+ Bxf6 15. Qg4 c6 16. Rb1 b5 17. Bb3 Re8 18. Bd2 Re7 19. d4 Rd7
20. c3 a5 21. Rfe1 Qc7 22. Re2 Re8 23. Rbe1 Rde7  1/2-1/2